Některé ekonomické nástroje ekologizace v ČSFR.

Súčasný stav a problémy vybraných ekonomických nástrojov ekologizácie. Poplatky za znečisťovanie a uloženie odpadov. Pokuty. Dotácie a daňové úľavy realizátorom opatrení na ekologizáciu. Vytvorenie fondov životného prostredia.

Gespeichert in:
Bibliographische Detailangaben
1. Verfasser: Zeman, J.
Format: Buchkapitel
Sprache:Tschechisch
Schlagworte:
Tags: Tag hinzufügen
Keine Tags, Fügen Sie das erste Tag hinzu!

MARC

LEADER 00000naa a2200000 4500
001 r012697
005 20220826094726.9
041 0 |a cze 
044 |a CZ 
245 1 0 |a Některé ekonomické nástroje ekologizace v ČSFR.  |c J. Zeman 
520 |a Súčasný stav a problémy vybraných ekonomických nástrojov ekologizácie. Poplatky za znečisťovanie a uloženie odpadov. Pokuty. Dotácie a daňové úľavy realizátorom opatrení na ekologizáciu. Vytvorenie fondov životného prostredia. 
610 2 0 |a ekológia 
610 2 0 |a ochrana prostredia životného 
610 2 0 |a predpisy právne 
610 2 0 |a nástroje ekonomické 
610 2 0 |a poplatky 
610 2 0 |a pokuty 
610 2 0 |a dotácie 
610 2 0 |a úľavy daňové 
610 2 0 |a Slovensko 
610 2 0 |a Čechy 
100 1 |a Zeman, J.